Barrios de Almería por foto - Estadísticas

Estadísticas generales
  • Esta prueba ha sido intentada 44 veces
  • La puntuación promedio es 16 de 35
Estadísticas de respuestas
Imagen Respuesta % Correcto
La Chanca - Pescadería
95%
Zapillo
84%
Plaza de toros
81%
Centro - Paseo
78%
Centro Rambla
73%
El Puche
73%
Torrecárdenas
73%
Nueva Almería
68%
Vega de Acá
68%
Cerro de San Cristóbal
59%
Los Ángeles
59%
Los Molinos
54%
Fuentecíca - Quemadero
51%
Nicolás Salmerón
49%
Barrio Alto
43%
Piedras Redondas
43%
San Luis
43%
Los Almendros
41%
Oliveros
41%
500 Viviendas
38%
Casco Histórico - Almedina
38%
Ciudad Jardín
38%
Cortijo Grande
38%
Villablanca
38%
Cruz de Caravaca
32%
Nueva Andalucía
32%
Regiones
32%
Altamira
24%
Araceli
22%
San Félix
22%
Tagarete
19%
Diezmo
11%
Santa Rita
11%
Chocillas
8%
Esperanza
3%
No se encontraron pruebas coincidentes
Distribución de puntuación
Porcentaje de gente con cada puntuación
Porcentaje por número respondido
Historial de tus puntuaciones
No has intentado esta prueba.